Syntéza pyridínu z etanolu, formaldehydu a čpavku

Na minha lista:
Detalhes bibliográficos
Autor principal: Lengyelová, Melinda
Formato: Livro
Idioma:eslovaco
Publicado em: Bratislava STU FCHPT 2006
Acesso em linha:View in OPAC
Tags: Adicionar Tag
Sem tags, seja o primeiro a adicionar uma tag!

MARC

LEADER 00000nam a2200000 a 4500
005 20260127134354.0
008 060607 2006 xo 000 0 slo d
035 |a vtls008774737 
039 9 |a 200607071021  |b mschk03  |y 200606201319  |z mschk03 
040 |a STUSCHK1  |b slo  |c STUSCHK1  |e AACR2 
100 1 |a Lengyelová, Melinda 
245 1 |a Syntéza pyridínu z etanolu, formaldehydu a čpavku 
260 |a Bratislava  |b STU FCHPT  |c 2006 
300 |a 84 s.  |b tab.,grafy, lit. + CD-ROM 
500 |a Obháj.: 7.6. 2006 
500 |a Špec.: organická technológia 
500 |a Ústav organickej chémie, katalýzy a petrochémie 
910 |a SCHK95 
999 |c 11136  |d 11136